| 000 | 00481cam a2200193 4500 | ||
|---|---|---|---|
| 001 | B2905 | ||
| 008 | 090401t1990 xxu||||| |||| 00| 0 eng d | ||
| 035 | _a(Sirsi) u52798 | ||
| 041 | _aeng | ||
| 050 | _a333.337 | ||
| 110 |
_aChristie and Co _91921 |
||
| 245 | _aBusiness facts 89/90: restaurants & wine bars | ||
| 260 |
_aLondon _bChristie and Co _c1990 |
||
| 300 | _a1 sheet : ill. ; 30cm. | ||
| 350 | _a0 | ||
| 650 | _aPROPERTY MARKET | ||
| 942 | _n0 | ||
| 948 | _c04/03/1997 | ||
| 999 |
_c93171 _d93171 |
||